000 00708nam a22002177a 4500
003 UA-OsUOA
001 64319
007 ta
008 20091103b un ||||| |||| 00| 0 ukr d
090 _a94(477).04
_bУ45
942 _cBK
040 _aUA-OsUOA
_bukr
_cUA-OsUOA
_dUA-OsUOA
245 _aУкраїнська козацька держава: витоки та шляхи історичного розвитку
_bМатеріали республіканських історичних читань
300 _a158 с.
955 _a1
041 _aukr
080 _a94(477).04
260 _aК.
_c1991
650 7 _a9 Географія. Біографії. Історія
_2UDC
999 _c350782
_d350782